| 000 | 00596nam a22001697a 4500 | ||
|---|---|---|---|
| 005 | 20170904105632.0 | ||
| 010 | _aENG-120203 | ||
| 020 |
_a9788123020396 _c400.00 |
||
| 035 | _aEN-103735 | ||
| 037 | _bDBAD/PUB | ||
| 082 | _a791.4307954 | ||
| 245 |
_a Legends of Indian silver screen : _bthe winners of dadasaheb phalke award ( 1992-2014) / |
||
| 260 |
_aNew Delhi _bPublication Division _c2015 |
||
| 270 |
_aMinistry of Broadcasting Govt Of India Soochna Bhawan Lodhi Road _bNew Delhi _e110003 |
||
| 300 |
_avii,207p. : _bill. _c24cm(Hb) |
||
| 942 |
_2ddc _cEN _h791.4307954 _mLEG |
||
| 999 |
_c143990 _d143990 |
||